[Event "SVK-ch U18"]
[Site "Lubovna"]
[Date "2013.04.08"]
[Round "4"]
[White "Liscinsky, Martin"]
[Black "Dolnak, Michal"]
[Result "1/2-1/2"]
[WhiteElo "1844"]
[BlackElo "2139"]
[PlyCount "38"]
[EventDate "2013.04.06"]
[EventType "swiss"]
[EventRounds "9"]
[EventCountry "SVK"]
[SourceTitle "CBM 153 Extra"]
[Source "ChessBase"]
[SourceDate "2013.04.22"]
[SourceVersion "1"]
[SourceVersionDate "2013.04.22"]
[SourceQuality "1"]

1. e4 e6 2. d4 d5 3. Nd2 c5 4. Ngf3 Nf6 5. exd5 Qxd5 6. Bc4 Qd6 7. dxc5 Qxc5 8. Qe2 Be7 9. 0-0 0-0 10. Nb3 Qc7 11. Bg5 Nc6 12. c3 Bd7 13. Rad1 a6 14. Bd3 Rad8 15. Bc2 Nd5 16. Qe4 f5 17. Qe2 Bxg5 18. Nxg5 Nf4 19. Qe3 h6 1/2-1/2

[Event "SVK-ch U18"]
[Site "Lubovna"]
[Date "2013.04.07"]
[Round "2"]
[White "Irha, Martin"]
[Black "Liscinsky, Martin"]
[Result "0-1"]
[WhiteElo "1420"]
[BlackElo "1844"]
[PlyCount "114"]
[EventDate "2013.04.06"]
[EventType "swiss"]
[EventRounds "9"]
[EventCountry "SVK"]
[SourceTitle "CBM 153 Extra"]
[Source "ChessBase"]
[SourceDate "2013.04.22"]
[SourceVersion "1"]
[SourceVersionDate "2013.04.22"]
[SourceQuality "1"]

1. d4 Nf6 2. Nf3 e6 3. c4 c5 4. d5 b5 5. dxe6 fxe6 6. cxb5 d5 7. e3 Bd6 8. Nc3 Bb7 9. Be2 0-0 10. 0-0 Nbd7 11. Qc2 Qc7 12. h3 Ne5 13. Nxe5 Bxe5 14. a4 Rf7 15. Nd1 Raf8 16. Bf3 Nd7 17. Bg4 Rf6 18. Bd2 Bh2+ 19. Kh1 Ne5 20. Be2 Bg3 21. f4 g5 22. Qc1 gxf4 23. exf4 Ng6 24. Ne3 Nxf4 25. Ng4 Nxe2 26. Nxf6+ Rxf6 27. Qc2 Rg6 28. Be1 Bxe1 29. Raxe1 Ng3+ 30. Kg1 Nxf1 31. Rxf1 d4 32. Rf2 Qe5 33. Qc1 Qg3 34. Qxc5 Rf6 35. Qxd4 Rxf2 36. Qxf2 Qxf2+ 37. Kxf2 Kf7 38. g3 e5 39. Ke3 Ke6 40. b4 Kd5 41. Kd3 e4+ 42. Kc3 Bc8 43. h4 Bf5 44. a5 e3 45. a6 e2 46. Kd2 e1Q+ 47. Kxe1 Kc4 48. Kd2 Kxb4 49. b6 axb6 50. a7 Be4 51. g4 Ka5 52. g5 Ka6 53. Ke3 Bc6 54. h5 Kxa7 55. g6 h6 56. g7 Bd5 57. Kf4 b5 0-1

[Event "Dobczyce op 20th"]
[Site "Dobczyce"]
[Date "2012.07.21"]
[Round "8"]
[White "Liscinsky, Martin"]
[Black "Zaboklicki, Zbigniew"]
[Result "1-0"]
[WhiteElo "1828"]
[BlackElo "1845"]
[PlyCount "59"]
[EventDate "2012.07.14"]
[EventType "swiss"]
[EventRounds "9"]
[EventCountry "POL"]
[SourceTitle "CBM 149 Extra"]
[Source "ChessBase"]
[SourceDate "2012.08.24"]
[SourceVersion "1"]
[SourceVersionDate "2012.08.24"]
[SourceQuality "1"]

1. e4 c5 2. Nf3 Nc6 3. Nc3 e6 4. d4 cxd4 5. Nxd4 a6 6. Be3 Nge7 7. Nb3 b5 8. Bc5 Na5 9. Nxa5 Qxa5 10. b4 Qc7 11. Qd2 Qc6 12. Be2 Bb7 13. 0-0 Rc8 14. Bf3 d6 15. e5 d5 16. a4 bxa4 17. Nxa4 Ng6 18. Qd4 Bxc5 19. Nxc5 0-0 20. Be2 Ra8 21. Ra3 Rfc8 22. Rfa1 Qc7 23. Nxb7 Qxb7 24. Bxa6 Qc6 25. Bxc8 Rxc8 26. Qc5 Nxe5 27. Qxc6 Nxc6 28. Ra8 Rf8 29. b5 Nd4 30. b6 1-0

[Event "Dobczyce op 20th"]
[Site "Dobczyce"]
[Date "2012.07.19"]
[Round "6"]
[White "Liscinsky, Martin"]
[Black "Bus, Konrad"]
[Result "0-1"]
[WhiteElo "1828"]
[BlackElo "2048"]
[PlyCount "78"]
[EventDate "2012.07.14"]
[EventType "swiss"]
[EventRounds "9"]
[EventCountry "POL"]
[SourceTitle "CBM 149 Extra"]
[Source "ChessBase"]
[SourceDate "2012.08.24"]
[SourceVersion "1"]
[SourceVersionDate "2012.08.24"]
[SourceQuality "1"]

1. e4 c5 2. Nf3 d6 3. Nc3 Nf6 4. Bc4 Nc6 5. d4 cxd4 6. Nxd4 e6 7. 0-0 Be7 8. Nxc6 bxc6 9. Qf3 d5 10. exd5 cxd5 11. Bf4 0-0 12. Be2 Qb6 13. Qg3 Ba6 14. Be3 Qb7 15. Rab1 Rfd8 16. Bh6 Bf8 17. Bg5 Bxe2 18. Nxe2 Ne4 19. Qh4 Nxg5 20. Qxg5 Qa6 21. Ng3 Qxa2 22. Ra1 Qxb2 23. Ra4 Qf6 24. Qd2 g6 25. Rfa1 Bc5 26. Rc1 Rac8 27. Rf4 Qg5 28. h4 Qh6 29. Ne2 Bd6 30. Rd4 Qxd2 31. Rxd2 Rc4 32. Ra1 Bb4 33. Rd4 Rxd4 34. Nxd4 Bc3 35. Nc6 Bxa1 36. Nxd8 Bc3 37. Nb7 Bb4 38. Nd8 a5 39. Nc6 Bc3 0-1

[Event "Liptovsky Mikulas CupT U20"]
[Site "Liptovsky Mikulas"]
[Date "2012.06.27"]
[Round "9.1"]
[White "Liscinsky, Martin"]
[Black "Pagerka, Martin"]
[Result "0-1"]
[WhiteElo "1828"]
[BlackElo "2280"]
[PlyCount "80"]
[EventDate "2012.06.22"]
[EventType "team-swiss"]
[EventRounds "9"]
[EventCountry "SVK"]
[SourceTitle "CBM 149 Extra"]
[Source "ChessBase"]
[SourceDate "2012.08.24"]
[SourceVersion "1"]
[SourceVersionDate "2012.08.24"]
[SourceQuality "1"]
[WhiteTeam "Presov Slavia"]
[BlackTeam "Osuske"]
[WhiteTeamCountry "SVK"]
[BlackTeamCountry "SVK"]

1. e4 c5 2. Nf3 e6 3. d4 cxd4 4. Nxd4 Nf6 5. Bd3 d6 6. Be3 Be7 7. Nc3 0-0 8. 0-0 e5 9. Nf5 Bxf5 10. exf5 d5 11. Bg5 Nc6 12. Re1 Rc8 13. Bb5 d4 14. Bxf6 dxc3 15. Bxe7 Qxe7 16. bxc3 Qc5 17. Bd3 Rfe8 18. Rb1 b6 19. Re3 Rcd8 20. Qg4 e4 21. Rxe4 Qxc3 22. h3 Rxe4 23. Qxe4 Ne5 24. Rb3 Qd4 25. Qxd4 Rxd4 26. Ra3 a5 27. Kf1 Nxd3 28. Rxd3 Rxd3 29. cxd3 Kf8 30. Ke2 Ke7 31. a4 Kd6 32. Ke3 Kc6 33. d4 b5 34. axb5+ Kxb5 35. Kd3 Kb4 36. g4 f6 37. h4 a4 38. Kc2 Kc4 39. g5 Kxd4 40. h5 h6 0-1

[Event "Liptovsky Mikulas CupT U20"]
[Site "Liptovsky Mikulas"]
[Date "2012.06.25"]
[Round "6.1"]
[White "Gurecky, Jan"]
[Black "Liscinsky, Martin"]
[Result "1-0"]
[WhiteElo "1675"]
[BlackElo "1828"]
[PlyCount "59"]
[EventDate "2012.06.22"]
[EventType "team-swiss"]
[EventRounds "9"]
[EventCountry "SVK"]
[SourceTitle "CBM 149 Extra"]
[Source "ChessBase"]
[SourceDate "2012.08.24"]
[SourceVersion "1"]
[SourceVersionDate "2012.08.24"]
[SourceQuality "1"]
[WhiteTeam "Opava Slezan"]
[BlackTeam "Presov Slavia"]
[WhiteTeamCountry "CZE"]
[BlackTeamCountry "SVK"]

1. e4 d6 2. d4 Nf6 3. Nc3 g6 4. Be3 Bg7 5. Bc4 0-0 6. f3 c6 7. Qd2 b5 8. Bb3 Nbd7 9. h4 a5 10. a3 Ba6 11. h5 Nxh5 12. g4 Nhf6 13. Bh6 e5 14. Bxg7 Kxg7 15. Qh6+ Kg8 16. Nge2 Qe7 17. g5 Nh5 18. Ng3 Rfd8 19. Nxh5 gxh5 20. Rxh5 Nf8 21. g6 Nxg6 22. Qxh7+ Kf8 23. Bxf7 Qxf7 24. Rf5 Qxf5 25. exf5 Nf4 26. f6 Ng6 27. Qg7+ Ke8 28. Qxg6+ Kd7 29. dxe5 dxe5 30. Rd1+ 1-0

[Event "Liptovsky Mikulas CupT U20"]
[Site "Liptovsky Mikulas"]
[Date "2012.06.24"]
[Round "5.1"]
[White "Spacek, Oliver"]
[Black "Liscinsky, Martin"]
[Result "1-0"]
[WhiteElo "1961"]
[BlackElo "1828"]
[PlyCount "77"]
[EventDate "2012.06.22"]
[EventType "team-swiss"]
[EventRounds "9"]
[EventCountry "SVK"]
[SourceTitle "CBM 149 Extra"]
[Source "ChessBase"]
[SourceDate "2012.08.24"]
[SourceVersion "1"]
[SourceVersionDate "2012.08.24"]
[SourceQuality "1"]
[WhiteTeam "Osuske II"]
[BlackTeam "Presov Slavia"]
[WhiteTeamCountry "SVK"]
[BlackTeamCountry "SVK"]

1. d4 Nf6 2. c4 e6 3. g3 d5 4. Bg2 Be7 5. Nf3 Nbd7 6. 0-0 0-0 7. Nbd2 b6 8. b3 Bb7 9. Bb2 Rc8 10. e3 c5 11. Rc1 cxd4 12. exd4 dxc4 13. bxc4 Bc6 14. Qe2 Qc7 15. Rfd1 Qb7 16. Nb3 Rfe8 17. Nh4 Bxg2 18. Nxg2 Qe4 19. Ne3 Qg6 20. Rc2 Ne4 21. Nc1 h5 22. Nd3 Bd6 23. Ng2 Ndf6 24. Ne5 Qh7 25. f3 Ng5 26. h4 Nxf3+ 27. Nxf3 Bxg3 28. Qd3 Nd5 29. Qxh7+ Kxh7 30. Ng5+ Kg6 31. Rcc1 Nf4 32. Rc2 Bxh4 33. Ne4 Be7 34. Nxf4+ Kf5 35. Re2 Kxf4 36. Rf1+ Kg4 37. Rg2+ Kh3 38. Rf3+ Kh4 39. Rf4+ 1-0

[Event "Liptovsky Mikulas CupT U20"]
[Site "Liptovsky Mikulas"]
[Date "2012.06.22"]
[Round "1.1"]
[White "Mraz, Ondrej"]
[Black "Liscinsky, Martin"]
[Result "1-0"]
[WhiteElo "2038"]
[BlackElo "1828"]
[PlyCount "55"]
[EventDate "2012.06.22"]
[EventType "team-swiss"]
[EventRounds "9"]
[EventCountry "SVK"]
[SourceTitle "CBM 149 Extra"]
[Source "ChessBase"]
[SourceDate "2012.08.24"]
[SourceVersion "1"]
[SourceVersionDate "2012.08.24"]
[SourceQuality "1"]
[WhiteTeam "Liptov Chess School"]
[BlackTeam "Presov Slavia"]
[WhiteTeamCountry "SVK"]
[BlackTeamCountry "SVK"]

1. e4 e6 2. d4 d5 3. Nd2 Nf6 4. e5 Nfd7 5. Bd3 c5 6. c3 Nc6 7. Ne2 cxd4 8. cxd4 f6 9. f4 fxe5 10. dxe5 Bc5 11. Ng3 Qh4 12. Nf3 Bb4+ 13. Kf1 Qe7 14. a3 Ba5 15. Ng5 Nf8 16. b4 Bb6 17. Bd2 a5 18. b5 Qc5 19. Be1 Qe3 20. bxc6 Qxf4+ 21. Nf3 bxc6 22. Bd2 Qf7 23. Rb1 Nd7 24. Ke1 Qe7 25. Qc2 c5 26. Bxh7 c4 27. Bg6+ Kf8 28. Rf1 1-0

[Event "SVK-ch U18"]
[Site "Lubovnianske Kupele"]
[Date "2012.03.23"]
[Round "8"]
[White "Liscinsky, Martin"]
[Black "Galik, Martin"]
[Result "1-0"]
[WhiteElo "1794"]
[BlackElo "1394"]
[PlyCount "39"]
[EventDate "2012.03.17"]
[EventType "swiss"]
[EventRounds "9"]
[EventCountry "SVK"]
[SourceTitle "CBM 147 Extra"]
[Source "ChessBase"]
[SourceDate "2012.04.24"]
[SourceVersion "1"]
[SourceVersionDate "2012.04.24"]
[SourceQuality "1"]

1. e4 e5 2. Nf3 Nc6 3. Nc3 Bc5 4. Nxe5 Nxe5 5. d4 Bxd4 6. Qxd4 d6 7. f4 c5 8. Bb5+ Kf8 9. Qf2 Ng6 10. 0-0 Nf6 11. h3 a6 12. Bd3 b5 13. e5 dxe5 14. Bxg6 hxg6 15. fxe5 Bxh3 16. gxh3 Rxh3 17. exf6 Ra7 18. Be3 Qa8 19. Bxc5+ Kg8 20. Qg2 1-0

[Event "SVK-ch U18"]
[Site "Lubovnianske Kupele"]
[Date "2012.03.20"]
[Round "5"]
[White "Liscinsky, Martin"]
[Black "Diviak, Peter"]
[Result "1-0"]
[WhiteElo "1794"]
[BlackElo "1562"]
[PlyCount "43"]
[EventDate "2012.03.17"]
[EventType "swiss"]
[EventRounds "9"]
[EventCountry "SVK"]
[SourceTitle "CBM 147 Extra"]
[Source "ChessBase"]
[SourceDate "2012.04.24"]
[SourceVersion "1"]
[SourceVersionDate "2012.04.24"]
[SourceQuality "1"]

1. c4 e5 2. Nc3 f5 3. d4 d6 4. dxe5 dxe5 5. Qxd8+ Kxd8 6. e4 g6 7. Nf3 Nc6 8. Be3 Bb4 9. 0-0-0+ Bd7 10. Bg5+ Ke8 11. Nd5 Rc8 12. Bf6 Nxf6 13. Nxf6+ Ke7 14. Nxd7 Ke6 15. Ng5+ Ke7 16. exf5 gxf5 17. a3 Bd6 18. c5 Kxd7 19. cxd6 cxd6 20. Kb1 Nd4 21. Bd3 e4 22. Bxe4 1-0

[Event "Stara Lubovna Sorea op"]
[Site "Stara Lubovna"]
[Date "2011.09.10"]
[Round "5"]
[White "Liscinsky, Martin"]
[Black "Jurov, Pavol"]
[Result "1-0"]
[WhiteElo "1757"]
[BlackElo "1898"]
[PlyCount "69"]
[EventDate "2011.09.09"]
[EventType "swiss"]
[EventRounds "7"]
[EventCountry "SVK"]
[SourceTitle "CBM 144 Extra"]
[Source "ChessBase"]
[SourceDate "2011.10.28"]
[SourceVersion "1"]
[SourceVersionDate "2011.10.28"]
[SourceQuality "1"]

1. e4 c6 2. d4 d5 3. Nc3 dxe4 4. Nxe4 Bf5 5. Ng3 Bg6 6. Nf3 Nf6 7. Ne5 Nbd7 8. Nxg6 hxg6 9. Bd3 e6 10. c3 Bd6 11. Qf3 Qc7 12. Bd2 a5 13. a4 0-0 14. 0-0 Nd5 15. h4 Nf4 16. Bc2 Nf6 17. Ne4 Nxe4 18. Qxe4 Nh5 19. g4 Nf6 20. Qf3 e5 21. h5 Qd7 22. hxg6 Qxg4+ 23. Qxg4 Nxg4 24. gxf7+ Rxf7 25. Bb3 exd4 26. Bxf7+ Kxf7 27. cxd4 Nh2 28. Rfd1 Nf3+ 29. Kf1 Rh8 30. Bxa5 Rh4 31. Bc3 g5 32. Ke2 Rf4 33. d5 Bc5 34. b4 Ba7 35. dxc6 1-0

[Event "Kosice Kotan Memorial 3rd"]
[Site "Kosice"]
[Date "2011.06.25"]
[Round "1"]
[White "Liscinsky, Martin"]
[Black "Mrva, Vladimir"]
[Result "1/2-1/2"]
[WhiteElo "1757"]
[BlackElo "2150"]
[PlyCount "101"]
[EventDate "2011.06.25"]
[EventType "swiss"]
[EventRounds "9"]
[EventCountry "SVK"]
[SourceTitle "EXT 2012"]
[Source "ChessBase"]
[SourceDate "2011.11.24"]
[SourceVersion "1"]
[SourceVersionDate "2011.11.24"]
[SourceQuality "1"]

1. e4 e5 2. Nf3 Nc6 3. d4 exd4 4. Nxd4 Qf6 5. Be3 Bc5 6. c3 Nge7 7. Be2 Nxd4 8. cxd4 Bb4+ 9. Nc3 0-0 10. 0-0 Bxc3 11. bxc3 d5 12. e5 Qg6 13. Qb3 Qb6 14. Qa3 Nf5 15. Rab1 Qg6 16. Bd3 Qh5 17. Qb2 Nh4 18. Qe2 Qxe2 19. Bxe2 b6 20. g3 Ng6 21. Bf3 c6 22. Bc1 Bf5 23. Rb4 Bd3 24. Re1 Rfe8 25. Bg2 Rab8 26. f4 Ne7 27. Ba3 b5 28. Rb2 Bf5 29. h3 h5 30. Bc5 a6 31. a4 Bd3 32. Bf3 g6 33. g4 hxg4 34. hxg4 Kg7 35. Rd2 Bc4 36. f5 gxf5 37. Rg2 f4 38. g5 Bd3 39. Bd6 Rbd8 40. Bg4 Be4 41. Rf2 Ng6 42. Rh2 Rh8 43. Ree2 Rxh2 44. Rxh2 Bd3 45. axb5 Bxb5 46. Kf2 a5 47. Kf3 a4 48. Bf5 Rh8 49. Rxh8 Nxh8 50. Kxf4 Ng6+ 51. Bxg6 1/2-1/2

[Event "SVK-ch U16"]
[Site "Sliac"]
[Date "2011.04.02"]
[Round "4"]
[White "Novotny, Adam"]
[Black "Liscinsky, Martin"]
[Result "1-0"]
[WhiteElo "1706"]
[BlackElo "1773"]
[PlyCount "75"]
[EventDate "2011.03.31"]
[EventType "swiss"]
[EventRounds "9"]
[EventCountry "SVK"]
[SourceTitle "CBM 141 Extra"]
[Source "ChessBase"]
[SourceDate "2011.05.03"]
[SourceVersion "1"]
[SourceVersionDate "2011.05.03"]
[SourceQuality "1"]

1. e4 e5 2. Nf3 Nc6 3. Bc4 Bc5 4. b4 Bxb4 5. c3 Ba5 6. d4 exd4 7. 0-0 Nf6 8. e5 Ne4 9. Qb3 0-0 10. Ba3 d5 11. Bxd5 Be6 12. Bxe6 fxe6 13. Bxf8 Qxf8 14. Qxe6+ Kh8 15. cxd4 Re8 16. Qb3 Bb6 17. Qd3 Qf4 18. g3 Qg4 19. Na3 Rf8 20. Kg2 Nxd4 21. Nxd4 Ng5 22. f4 Nh3 23. Ne2 Qh5 24. Qf3 Qh6 25. Qg4 Nf2 26. Rxf2 Bxf2 27. Kxf2 Qb6+ 28. Kg2 g5 29. Rf1 Qc6+ 30. Qf3 Qc5 31. Rc1 Qa5 32. Qe3 Qd5+ 33. Qf3 Qa5 34. Nc4 Qxa2 35. f5 b5 36. Ne3 b4 37. Rxc7 b3 38. Qh5 1-0